The 92 - Football League Grounds - Statistics

General Stats
  • This quiz has been taken 1,506 times
  • The average score is 41 of 92
Answer Stats
Teams Answer % Correct
Arsenal Emirates
93%
Man Utd Old Trafford
92%
Aston Villa Villa Park
87%
Liverpool Anfield
86%
Chelsea Stamford Bridge
86%
Exeter City St James Park
82%
Newcastle United St James Park
82%
Man City Etihad Stadium
79%
Everton Goodison Park
79%
Fulham Craven Cottage
75%
Tottenham Hotspur White Hart Lane
75%
Sunderland Stadium of Light
74%
Burnley Turf Moor
73%
Leeds United Elland Road
72%
Southampton St Marys
71%
Crystal Palace Selhurst Park
70%
Sheffield Wednesday Hillsborough
69%
Norwich City Carrow Road
67%
Birmingham City St Andrews
67%
QPR Loftus Road
66%
Blackburn Rovers Ewood Park
65%
Nottingham Forest City Ground
63%
Leicester City King Power Stadium
63%
West Bromich Albion Hawthorns
62%
Middlesborough Riverside Stadium
62%
West Ham United Upton Park
62%
Brighton & Hove Albion Amex Stadium
61%
Derby County Pride Park
60%
Watford Vicarage Road
59%
Portsmouth Fratton Park
58%
Chalrton Athletic The Valley
58%
Sheffield United Bramall Lane
55%
Wolverhampton Wanderers Molineux
55%
Preston North End Deepdale
53%
Bristol City Ashton Gate
52%
Wigan Athletic DW Stadium
51%
Barnsley Oakwell
51%
Ipswich Town Portman Road
51%
Bradford City Valley Parade
51%
Bolton Wanderers Reebok Stadium
50%
Blackpool Bloomfield Road
47%
Hull City KC Stadium
47%
Stoke City Britannia
46%
Coventry City Ricoh Arena
46%
Millwall The New Den
46%
Cardiff City Cardiff City Stadium
45%
Swansea City Liberty Stadium
43%
Milton Keynes Dons Stadium MK
42%
Luton Town Kenilworth Road
41%
Bournemouth Dean Court
38%
Brentford Griffin Park
38%
Rotherham United New York City Stadium
38%
Bury Gigg Lane
36%
Port Vale Vale Park
36%
Swindon Town County Ground
34%
Plymouth Argyle Home Park
34%
Peterborough United London Road
32%
Burton Albion Pirelli Stadium
32%
Reading Madejski Stadium
30%
Northampton Town Sixfields
30%
Oxford United Kassam Stadium
29%
Doncaster Rovers Keepmoat Stadium
29%
Tranmere Rovers Prenton Park
28%
Carlisle United Brunton Park
27%
Fleetwood Town Highbury Stadium
27%
Huddersfield Town John Smiths Stadium
26%
Notts County Meadow Lane
26%
Oldham Athletic Boundary Park
25%
Southend United Roots Hall
25%
Walsall Bescot
22%
Newport County Rodney Parade
22%
Wycombe Wanderers Adams Park
21%
Leyton Orient Brisbane Road
21%
Crewe Alexandra Gresty Road
21%
Gillingham Town Priestfield Stadium
21%
Cambridge United Abbey Stadium
20%
Rochdale Spotland
20%
Yeovil Town Huish Park
18%
Scunthorpe United Glanford Park
17%
AFC Wimbledon Kingsmeadow
17%
Accrington Stanley Crown Ground
16%
Mansfield Town Field Mill
16%
Shrewsbury Town The New Meadow
16%
York City Bootham Crescent
15%
Hartlepool United Victoria Park
15%
Morecambe Globe Arena
13%
Colchester United Weston Homes Community Stadium
11%
Cheltenham Town Whaddon Road
11%
Stevenage Broadhall Way
10%
Dagenham & Redbridge Victoria Road
9%
Chesterfield Proact Stadium
8%
Crawley Town Broadfield Stadium
7%
No matching quizzes found
Score Distribution
Percent of People with Each Score
Percentile by Number Answered
Your Score History
You have not taken this quiz